000 00331nam a2200145Ia 4500
008 230711s9999||||xx |||||||||||||| ||und||
041 _aENG
082 _a540
_bKH-S
100 _aKhosla,B.D
245 0 _aSenior practical physical Chemistry
250 _a1st
260 _c1991
_aNew Delhi
_bRCC
650 _aChemistry
942 _cBK
999 _c190
_d190